000 00374nam a22001577a 4500
005 20200528103528.0
008 200528b xxu||||| |||| 00| 0 eng d
041 _aeng
082 _a340
100 _aBARE ACT
_95744
245 _aTHE LOTERIES ACT, 2006 (17-1998)
260 _aDELHI
_bPROFESSIONALS BOOK PUBLISHERS
300 _a8;p
650 _aLAW
_95701
942 _cBK
999 _c6562
_d6560